Audience Impact of Sustainability Strategies Applied in Large-Scale Music Events in Hungary
| Szerző: | |
|---|---|
| További közreműködők: | |
| Dokumentumtípus: | Diplomadolgozat |
| Kulcsszavak: | concerts events festivals sustainability sustainable development |
| Online Access: | http://dolgozattar.uni-bge.hu/59610 |
MARC
| LEADER | 00000nta a2200000 i 4500 | ||
|---|---|---|---|
| 001 | dolg59610 | ||
| 005 | 20260409145312.0 | ||
| 008 | 260409suuuu hu om 000 eng d | ||
| 040 | |a BGE Dolgozattár Repozitórium |b hun | ||
| 041 | |a en | ||
| 100 | 1 | |a Kis Alexandra Klaudia | |
| 245 | 1 | 0 | |a Audience Impact of Sustainability Strategies Applied in Large-Scale Music Events in Hungary |c Kis Alexandra Klaudia |h [elektronikus dokumentum] |
| 520 | 3 | |a This thesis explores the impact of sustainable strategies implemented at large-scale music events on the audience in Hungary. The research investigates how these initiatives influence attendees' environmental awareness, engagement, decision-making, and long-term behavior.The study employs a quantitative method, using an online questionnaire distributed to Hungarian residents who have attended such events, supplemented by a review of existing literature on sustainability and event management.The findings indicate that while a majority of attendees consider sustainability important, in-depth knowledge of sustainable practices varies. Sustainability can influence audience choices, particularly when event efforts are clearly communicated.The research concludes that there is a growing awareness and expectation for sustainability at large-scale music events in Hungary, highlighting opportunities for event organizers to enhance communication, implement innovative practices, and effectively engage audiences, thereby fostering more environmentally conscious attitudes and behaviors. | |
| 695 | |a concerts | ||
| 695 | |a events | ||
| 695 | |a festivals | ||
| 695 | |a sustainability | ||
| 695 | |a sustainable development | ||
| 700 | 1 | |a Weninger Ágnes Rita |e ths | |
| 856 | 4 | 0 | |u http://dolgozattar.uni-bge.hu/59610/1/Audience%20Impact%20of%20Sustainability%20Strategies%20Applied%20in%20Large-Scale%20Music%20Events%20in%20Hungary.pdf |z Dokumentum-elérés |
| 856 | 4 | 0 | |u http://dolgozattar.uni-bge.hu/59610/2/Thesis%20Assessment%20Sheet_BSc_Kiss%20A.pdf |z Dokumentum-elérés |
| 856 | 4 | 0 | |u http://dolgozattar.uni-bge.hu/59610/3/Kis%20Alexandra%20Klaudia_Supervisor_Weninger%20%C3%81gnes.pdf |z Dokumentum-elérés |